| 000 | 00654nam a2200205Ii 4500 | ||
|---|---|---|---|
| 003 | JO-AjNU | ||
| 008 | 230605s9999||||xx |||||||||||||| ||und|| | ||
| 040 |
_aJO-AjNU _bara _erda _cJO-AjNU |
||
| 041 | _aara | ||
| 050 | 1 | 4 | _aB61.D85 1982 |
| 100 | 3 |
_aتاليف ذيورانت، ول؛ ترجمة فتح الله محمد المشعشع, _eauthor _959368 |
|
| 245 | 0 | 0 | _aقصة الفلسفة |
| 250 | _aط4 | ||
| 264 | 3 | 1 | _aبيروت: مكتبة المعارف، 1982 |
| 300 | _a639ص | ||
| 336 |
_atext _btxt _2rdacontent |
||
| 337 |
_aunmediated _bn _2rdamedia |
||
| 338 |
_avolume _bnc _2rdacarrier |
||
| 650 | 4 |
_aالفلسفة- تاريخ _959369 |
|
| 999 |
_aA26712 _c30280 _d30280 |
||